| Tag |
First Indicator |
Second Indicator |
Subfields |
| LEADER |
00000cam a22000001 4500 |
| 001 |
in00002782418 |
| 005 |
20150922151119.0 |
| 008 |
780505s1954 dcuab b f000 0 eng |
| 010 |
|
|
|a gs 55000233
|
| 035 |
|
|
|a (OCoLC)ocm03863499
|
| 035 |
|
|
|a (OCoLC)3863499
|
| 040 |
|
|
|a DLC
|c CSU
|d DLC
|d OCLCQ
|d BTCTA
|d OCLCG
|d BUF
|d GPM
|d UtOrBLW
|
| 043 |
|
|
|a n-us-ca
|
| 049 |
|
|
|a TXAM
|
| 050 |
0 |
0 |
|a TN490.A2
|b O55
|
| 050 |
0 |
4 |
|a QE75
|b .P9 no.261
|
| 051 |
|
|
|a TN490.A2
|b O55
|c Copy 2.
|
| 082 |
0 |
4 |
|a 553.49
|
| 086 |
0 |
|
|a I 19.16:261
|
| 100 |
1 |
|
|a Olson, J. C.
|q (Jerry Chipman),
|d 1917-2013.
|
| 245 |
1 |
0 |
|a Rare-earth mineral deposits of the Mountain Pass district, San Bernardino County, California /
|c by J.C. Olson [and others] with a foreword on History of the discovery at Mountain Pass, California, by D.F. Hewett.
|
| 264 |
|
1 |
|a Washington :
|b U.S. Govt. Print. Off,
|c 1954.
|
| 300 |
|
|
|a 75 pages :
|b illustrations, maps (part color) ;
|c 29 cm.
|
| 336 |
|
|
|a text
|b txt
|2 rdacontent
|
| 337 |
|
|
|a unmediated
|b n
|2 rdamedia
|
| 338 |
|
|
|a volume
|b nc
|2 rdacarrier
|
| 490 |
1 |
|
|a Geological Survey (U.S.). Professional paper,
|v 261
|
| 500 |
|
|
|a Part of the illustrative matter folded in pocket.
|
| 504 |
|
|
|a Bibliography: pages 64-65.
|
| 650 |
|
0 |
|a Rare earths.
|
| 650 |
|
0 |
|a Geology
|z California
|z San Bernardino County.
|
| 650 |
|
0 |
|a Mines and mineral resources
|z California
|z San Bernardino County.
|
| 650 |
|
0 |
|a Mines and mineral resources
|z California
|x History.
|
| 740 |
0 |
|
|a Mountain Pass district, San Bernardino County, California.
|
| 830 |
|
0 |
|a Geological Survey professional paper ;
|v 261.
|
| 994 |
|
|
|a C0
|b TXA
|
| 948 |
|
|
|a cataloged
|b h
|c 2012/11/27
|d c
|e tsivage
|f 01:07:01 pm
|
| 999 |
|
|
|a MARS
|
| 999 |
f |
f |
|s e4210ec7-2ce5-3cdd-b86a-3065674d9402
|i a0a56598-1077-3828-bad2-4964e479395f
|t 0
|
| 952 |
f |
f |
|p normal
|a Texas A&M University
|b College Station
|c Sterling C. Evans Library
|d Evans: US Documents (Annex 5th floor)
|t 0
|e I 19.16:261-263
|h Superintendent of Documents classification
|i unmediated -- volume
|m A14815912188
|
| 952 |
f |
f |
|a Texas A&M University
|b College Station
|c Sterling C. Evans Library
|d Evans: US Documents (Annex 5th floor)
|t 0
|e I 19.16:261-263
|h Superintendent of Documents classification
|
| 998 |
f |
f |
|a I 19.16:261-263
|t 0
|l Evans: US Documents (Annex 5th floor)
|